| 000 -ლიდერი |
| ფიქსირებული სიგრძის საკონტროლო ველი |
00660nam a2200241Ia 4500 |
| 001 - საკონტროლო ნომერი |
| საკონტროლო ველი |
20660 |
| 003 - საკონტროლო ნომრის იდენტიფიკატორი |
| საკონტროლო ველი |
GE_BSU |
| 005 - ბოლო ოპერაციის თარიღი და დრო |
| საკონტროლო ველი |
20210224185157.0 |
| 008 - ფიქსირებული სიგრძის მონაცემთა ელემენტები - ზოგადი ინფორმაცია |
| ფიქსირებული სიგრძის საკონტროლო ველი |
181216s2013||||ge |||||||||||||| ||geo|| |
| 020 ## - წიგნის საერთაშორისო სტანდარტული ნომერი |
| International Standard Book Number |
9789967114135 |
| 040 ## - კატალოგიზაციის წყარო |
| Transcribing agency |
GE_BSU |
| 041 ## - ენის კოდი |
| Language code of text/sound track or separate title |
geo |
| 080 ## - უნივერსალური ათობითი კლასიფიკაციის ინდექსი |
| Universal Decimal Classification number |
364:371 D-63 |
| 245 ## - ცნობა სათაურის შესახებ |
| Title |
Disaster risk reduction in education : Good practices and new approaches : |
| Remainder of title |
unite for children. |
| 264 ## - წარმოების, გამოცემის, დისტრიბუციის და სხვა ცნობები |
| გამოცემის, წარმოების, დისტრიბუციის... თარიღი |
2013. |
| 300 ## - ფიზიკური აღწერა |
| Extent |
52 p. : |
| Other physical details |
ill. ; |
| Dimensions |
29 cm. |
| 653 ## - INDEX TERM--UNCONTROLLED |
| Uncontrolled term |
Disaster risk reduction in education |
| 653 ## - INDEX TERM--UNCONTROLLED |
| Uncontrolled term |
Good practices and new approaches |
| 653 ## - INDEX TERM--UNCONTROLLED |
| Uncontrolled term |
unite for children |
| 653 ## - INDEX TERM--UNCONTROLLED |
| Uncontrolled term |
Unucef |
| 942 ## - ADDED ENTRY ELEMENTS (KOHA) |
| Koha item type |
წიგნი |
| Source of classification or shelving scheme |
|